000 00301nam a22001337a 4500
003 SGT
082 _a610.72
_bR15P
100 _aPATIL, AJIT
245 _aRESEARCH METHODOLOGY & MEDICAL STATISTICS
260 _aVARANSI
_bCHAUKHAMBHA PUB
300 _a221
650 _aAYURVEDA
942 _2ddc
_cBK
_070
999 _c11491
_d11491